[Event "Ustron op-B"]
[Site "Ustron"]
[Date "2023.08.16"]
[Round "6"]
[White "Witczak, Borys"]
[Black "Klusak, Piotr"]
[Result "1/2-1/2"]
[WhiteElo "1949"]
[BlackElo "1946"]
[PlyCount "111"]
[EventDate "2023.08.11"]
[EventType "swiss"]
[EventRounds "9"]
[EventCountry "POL"]
[SourceTitle "CBM 215 Extra"]
[Source "ChessBase"]
[SourceDate "2023.09.30"]
[SourceVersion "1"]
[SourceVersionDate "2023.09.30"]
[SourceQuality "1"]

1. e4 d6 2. d4 Nf6 3. Nc3 g6 4. f4 Bg7 5. Nf3 0-0 6. Bd3 Na6 7. 0-0 c5 8. d5 Bg4 9. Be2 Nc7 10. h3 Bd7 11. a4 a6 12. a5 Rb8 13. Nd2 Bb5 14. Nc4 Bxc4 15. Bxc4 b5 16. axb6 Rxb6 17. Qe2 Nh5 18. Rf3 Bd4+ 19. Kh2 e6 20. g4 Bxc3 21. Rxc3 exd5 22. gxh5 dxc4 23. hxg6 hxg6 24. Be3 Qe7 25. Rxc4 Re8 26. Rg1 Rb4 27. e5 Nd5 28. Rxb4 cxb4 29. Rg5 Qc7 30. f5 Rxe5 31. fxg6 f6 32. Rxe5 dxe5 33. Bh6 Ne7 34. Qe4 Qc6 35. Qd3 Nd5 36. c4 bxc3 37. bxc3 Qe6 38. c4 Nc7 39. c5 f5 40. Qd6 Qxd6 41. cxd6 Ne6 42. d7 a5 43. Bg5 a4 44. d8Q+ Nxd8 45. Bxd8 Kg7 46. Bc7 e4 47. Bd6 Kxg6 48. Kg3 Kg5 49. Be7+ Kh5 50. Bd6 e3 51. Be7 e2 52. Kf2 a3 53. Kxe2 a2 54. Bf6 a1Q 55. Bxa1 Kh4 56. Kf3 1/2-1/2

[Event "Ustron op-B"]
[Site "Ustron"]
[Date "2023.08.14"]
[Round "5"]
[White "Klusak, Piotr"]
[Black "Kuciel, Wladyslaw"]
[Result "0-1"]
[WhiteElo "1946"]
[BlackElo "1901"]
[PlyCount "88"]
[EventDate "2023.08.11"]
[EventType "swiss"]
[EventRounds "9"]
[EventCountry "POL"]
[SourceTitle "CBM 215 Extra"]
[Source "ChessBase"]
[SourceDate "2023.09.30"]
[SourceVersion "1"]
[SourceVersionDate "2023.09.30"]
[SourceQuality "1"]

1. d4 Nf6 2. c4 e6 3. g3 Bb4+ 4. Bd2 c5 5. Bxb4 cxb4 6. Bg2 0-0 7. Nf3 Qc7 8. Nbd2 d6 9. 0-0 b6 10. e4 e5 11. h3 Bb7 12. Qe2 Nbd7 13. d5 Nc5 14. Ne1 Rae8 15. Nc2 a5 16. Ne3 g6 17. Kh2 Bc8 18. h4 Kg7 19. Rh1 h5 20. f3 Rh8 21. Bh3 Bxh3 22. Kxh3 Qd7+ 23. Kg2 Rb8 24. Rag1 Kf8 25. Kf2 Ke7 26. Ng2 Qa4 27. Ra1 Qc2 28. b3 Qc3 29. Qe3 Nfd7 30. Ke2 Qd4 31. Qxd4 exd4 32. f4 f5 33. Kf3 Kf6 34. exf5 gxf5 35. Rhe1 Rbe8 36. Rxe8 Rxe8 37. Re1 Ra8 38. Re2 a4 39. bxa4 Rxa4 40. Nb1 Ne4 41. Ne1 Ndc5 42. Rb2 Nc3 43. Nc2 Nd1 44. Rxb4 Rxa2 0-1

[Event "Ustron op-B"]
[Site "Ustron"]
[Date "2022.08.19"]
[Round "8"]
[White "Stachecki, Mikolaj"]
[Black "Klusak, Piotr"]
[Result "1-0"]
[WhiteElo "1928"]
[BlackElo "1980"]
[PlyCount "69"]
[EventDate "2022.08.12"]
[EventType "swiss"]
[EventRounds "9"]
[EventCountry "POL"]
[SourceTitle "CBM 209 Extra"]
[Source "ChessBase"]
[SourceDate "2022.09.30"]
[SourceVersion "1"]
[SourceVersionDate "2022.09.30"]
[SourceQuality "1"]

1. e4 e5 2. Nf3 Nc6 3. Bb5 a6 4. Ba4 Nf6 5. 0-0 Be7 6. Re1 b5 7. Bb3 d6 8. c3 0-0 9. h3 Na5 10. Bc2 c5 11. d4 Nd7 12. d5 Nb6 13. Nbd2 Qc7 14. Nf1 Nb7 15. b3 c4 16. b4 a5 17. Ng3 axb4 18. cxb4 Na4 19. Nh2 Nd8 20. Qf3 f6 21. Ng4 Nf7 22. h4 Qd8 23. Nf5 h5 24. Nh2 g6 25. Ne3 Kg7 26. Qg3 Rg8 27. Kh1 Kh7 28. Qf3 Nh6 29. Rg1 Bd7 30. g4 hxg4 31. Nexg4 Nxg4 32. Nxg4 Bxg4 33. Rxg4 Qc8 34. Be3 Kg7 35. Rxg6+ 1-0

[Event "Ustron op-B"]
[Site "Ustron"]
[Date "2022.08.18"]
[Round "7"]
[White "Klusak, Piotr"]
[Black "Matuszczyk, Mateusz"]
[Result "1-0"]
[WhiteElo "1980"]
[BlackElo "1869"]
[PlyCount "171"]
[EventDate "2022.08.12"]
[EventType "swiss"]
[EventRounds "9"]
[EventCountry "POL"]
[SourceTitle "CBM 209 Extra"]
[Source "ChessBase"]
[SourceDate "2022.09.30"]
[SourceVersion "1"]
[SourceVersionDate "2022.09.30"]
[SourceQuality "1"]

1. d4 Nf6 2. c4 g6 3. Nc3 Bg7 4. e4 0-0 5. Be2 d6 6. Nf3 e5 7. 0-0 Nc6 8. d5 Ne7 9. Bg5 h6 10. Bxf6 Bxf6 11. b4 Bg7 12. c5 f5 13. Bd3 Kh8 14. Rc1 c6 15. dxc6 dxc5 16. c7 Qxc7 17. Nb5 Qd8 18. bxc5 Bd7 19. Nd6 Bc6 20. Qb3 Qd7 21. Rfe1 Nc8 22. Nh4 Kh7 23. exf5 Nxd6 24. fxg6+ Kh8 25. cxd6 Rf4 26. Rxc6 bxc6 27. g3 Rf6 28. Be4 Raf8 29. f3 Rxd6 30. g4 Qd8 31. Nf5 Rxg6 32. Rd1 Qg5 33. Ne7 Rgf6 34. Qd3 h5 35. h3 Qf4 36. Qe2 Qg3+ 37. Qg2 Qxg2+ 38. Kxg2 Rb8 39. Kg3 Bh6 40. Nxc6 Bf4+ 41. Kh4 hxg4 42. Nxb8 gxf3 43. Bxf3 Be3 44. Kg3 Bd4 45. Nd7 Rd6 46. Bg4 Kg7 47. Kf3 Ra6 48. Ke4 Rxa2 49. Nxe5 Bxe5 50. Kxe5 Ra5+ 51. Kd6 Ra3 52. Kc5 Rc3+ 53. Kb4 Rc7 54. Kb5 Kh6 55. Rd5 Kg7 56. h4 Kf6 57. h5 Kg7 58. Rg5+ Kh6 59. Rg6+ Kh7 60. Bf5 Kh8 61. Rh6+ Kg8 62. Rd6 Rb7+ 63. Kc5 Rb6 64. Rd8+ Kg7 65. Rd7+ Kh6 66. Bg6 Ra6 67. Rh7+ Kg5 68. Rh8 Re6 69. Bf7 Rf6 70. Rg8+ Kh6 71. Rg6+ Rxg6 72. hxg6 Kg7 73. Kb5 Kh8 74. Ka6 Kg7 75. Kxa7 Kh8 76. Kb6 Kg7 77. Kc6 Kh8 78. Kd6 Kg7 79. Ke5 Kh8 80. Kf5 Kg7 81. Be8 Kf8 82. Kf6 Kg8 83. Bf7+ Kh8 84. g7+ Kh7 85. g8Q+ Kh6 86. Qg6# 1-0

[Event "Ustron op-B"]
[Site "Ustron"]
[Date "2022.08.14"]
[Round "3"]
[White "Backiel, Hubert"]
[Black "Klusak, Piotr"]
[Result "1-0"]
[WhiteElo "2127"]
[BlackElo "1980"]
[PlyCount "93"]
[EventDate "2022.08.12"]
[EventType "swiss"]
[EventRounds "9"]
[EventCountry "POL"]
[SourceTitle "CBM 209 Extra"]
[Source "ChessBase"]
[SourceDate "2022.09.30"]
[SourceVersion "1"]
[SourceVersionDate "2022.09.30"]
[SourceQuality "1"]

1. e4 e5 2. Nf3 Nc6 3. Bb5 a6 4. Ba4 Nf6 5. 0-0 Be7 6. Re1 b5 7. Bb3 d6 8. c3 0-0 9. h3 Na5 10. Bc2 c5 11. d4 Nd7 12. d5 Nb6 13. Nbd2 Qc7 14. Nf1 Nb7 15. Ng3 a5 16. Nh2 c4 17. Ng4 Nc5 18. Qf3 Bd7 19. Nh5 Nxe4 20. Bxe4 f5 21. Qg3 fxg4 22. hxg4 Qd8 23. Qh3 g6 24. Ng3 Bg5 25. Re3 Na4 26. Nf1 Nc5 27. Bc2 Bxe3 28. Bxe3 Qf6 29. Qg3 Rac8 30. Rd1 Rf7 31. Nd2 g5 32. Bxc5 dxc5 33. Ne4 Qf4 34. Nd6 Qxg3 35. fxg3 Rcf8 36. Nxf7 Rxf7 37. d6 Kg7 38. Bf5 Kf6 39. Kh2 e4 40. Bxe4 Ke5 41. Bf5 Bxf5 42. gxf5 Rd7 43. g4 b4 44. a4 h5 45. gxh5 Kxf5 46. Kg3 Ke5 47. Kg4 1-0

[Event "Baltic Pearl op 15th"]
[Site "Lazy"]
[Date "2019.07.02"]
[Round "9"]
[White "Klusak, Piotr"]
[Black "Kopaczewski, Adam"]
[Result "1/2-1/2"]
[WhiteElo "2152"]
[BlackElo "2046"]
[PlyCount "74"]
[EventDate "2019.06.23"]
[EventType "swiss"]
[EventRounds "9"]
[EventCountry "POL"]
[SourceTitle "CBM 191 Extra"]
[Source "ChessBase"]
[SourceDate "2019.09.30"]
[SourceVersion "1"]
[SourceVersionDate "2019.09.30"]
[SourceQuality "1"]

1. Nf3 Nf6 2. c4 e6 3. g3 b6 4. Bg2 Bb7 5. 0-0 Be7 6. d4 0-0 7. Re1 c5 8. Nc3 cxd4 9. Nxd4 Bxg2 10. Kxg2 d5 11. cxd5 Nxd5 12. Nxd5 Qxd5+ 13. e4 Qd7 14. Bf4 Rd8 15. Nf3 Qb7 16. Qe2 Na6 17. Be5 h6 18. Bc3 Nc5 19. Bd4 Rac8 20. Rad1 a5 21. Bxc5 Bxc5 22. Rxd8+ Rxd8 23. Qc4 Qd7 24. Re2 Qd1 25. Qc2 Kf8 26. Rd2 Rxd2 27. Qxd2 Qxd2 28. Nxd2 Ke7 29. f4 Bd4 30. b3 Kd6 31. Kf1 Kc5 32. Ke2 Bc3 33. Nf3 Kb4 34. Kd3 b5 35. Kc2 Ba1 36. Kb1 Bc3 37. Kc2 Ba1 1/2-1/2

[Event "Baltic Pearl op 15th"]
[Site "Lazy"]
[Date "2019.07.01"]
[Round "8"]
[White "Klusak, Piotr"]
[Black "Cyra, Dariusz"]
[Result "1/2-1/2"]
[WhiteElo "2152"]
[BlackElo "1791"]
[PlyCount "89"]
[EventDate "2019.06.23"]
[EventType "swiss"]
[EventRounds "9"]
[EventCountry "POL"]
[SourceTitle "CBM 191 Extra"]
[Source "ChessBase"]
[SourceDate "2019.09.30"]
[SourceVersion "1"]
[SourceVersionDate "2019.09.30"]
[SourceQuality "1"]

1. Nf3 Nf6 2. c4 e6 3. g3 b6 4. Bg2 Bb7 5. 0-0 Be7 6. d4 0-0 7. Nc3 d6 8. Qc2 Nbd7 9. e4 e5 10. Rd1 Qb8 11. b3 Re8 12. Bb2 Bf8 13. Rac1 a5 14. dxe5 dxe5 15. Ne1 Bc5 16. Nd5 c6 17. Nxf6+ Nxf6 18. Nd3 Nd7 19. Nxc5 Nxc5 20. Ba3 Qc7 21. Bxc5 bxc5 22. Rd2 Rad8 23. Rcd1 Rd4 24. f3 Red8 25. Bf1 R8d6 26. Qc3 Bc8 27. Kf2 Qd8 28. Rd3 f5 29. exf5 Bxf5 30. Rxd4 exd4 31. Qd2 Re6 32. Re1 Rxe1 33. Kxe1 g5 34. Bd3 Bxd3 35. Qxd3 Qe8+ 36. Kf2 Qe5 37. Qd2 h5 38. Qd3 Kg7 39. Qe2 Qxe2+ 40. Kxe2 Kf6 41. Kd2 Kf5 42. Ke2 Ke5 43. Kd3 Kf5 44. Ke2 Ke5 45. Kd3 1/2-1/2

[Event "Baltic Pearl op 15th"]
[Site "Lazy"]
[Date "2019.06.28"]
[Round "6"]
[White "Klusak, Piotr"]
[Black "Ulrych, Wojciech"]
[Result "1-0"]
[WhiteElo "2152"]
[BlackElo "1870"]
[PlyCount "87"]
[EventDate "2019.06.23"]
[EventType "swiss"]
[EventRounds "9"]
[EventCountry "POL"]
[SourceTitle "CBM 191 Extra"]
[Source "ChessBase"]
[SourceDate "2019.09.30"]
[SourceVersion "1"]
[SourceVersionDate "2019.09.30"]
[SourceQuality "1"]

1. d4 Nf6 2. Nf3 g6 3. c4 Bg7 4. Nc3 d6 5. e4 0-0 6. Be2 Nbd7 7. 0-0 e5 8. Re1 Re8 9. Bf1 exd4 10. Nxd4 Nc5 11. f3 c6 12. Rb1 a5 13. Be3 Nfd7 14. Qd2 Ne5 15. Red1 Qc7 16. Qf2 Qe7 17. Qd2 f6 18. Nc2 Nf7 19. Bf4 Bf8 20. Nd4 Ne6 21. Be3 Ne5 22. Na4 Nxd4 23. Bxd4 Be6 24. b3 Nd7 25. Re1 Reb8 26. Rbd1 b5 27. cxb5 cxb5 28. Nc3 a4 29. b4 Qf7 30. Bxb5 a3 31. Bc6 Ra6 32. b5 Rxc6 33. bxc6 Ne5 34. Nd5 Bxd5 35. Bxe5 Bxa2 36. Bxd6 Rb2 37. c7 Be6 38. Qc3 Bxd6 39. Rxd6 Kg7 40. Rxe6 Qxe6 41. c8Q Qxc8 42. Qxc8 a2 43. Qd7+ Kh6 44. Qd3 1-0